000 00238nam a22000977a 4500
999 _c11521
_d11521
008 190531b ||||| |||| 00| 0 eng d
020 _a9780547055992
100 _aNowicki Stephen
_97233
245 _aBiology
260 _aUSA
_bMcdougal littell